000 006000000a22001810004500
003 MACL
005 20160412123809.0
008 160412b xxu||||| |||| 00| 0 eng d
040 _aMACL
_cMACL
041 _aHindi
082 _a540
100 _aअम्‍बष्‍टक प्रो. चन्‍द्रशेखर
_951915
245 _aरसायन में क्रान्ति
260 _bगंगा डिस्‍ट्रीब्‍यूटर्स
_c2004
_aनई दिल्‍ली
350 _a150
650 _aChemistry
_951916
942 _cHIN
_k540
_2ddc
999 _c12437
_d12437